Chansons de Ninho - Album Comme prévu - Statistiques

Statistiques générales
  • Ce quiz a été pris 23 fois
  • Le résultat moyen est 10 sur 15
Statistiques - réponses
Ordre dans l'album Chansons % Correct
06 Roro
88%
08 Rose
88%
01 Comme prévu
81%
05 Laisse pas traîner ton fils
75%
09 De l'autre côté
69%
10 Elle m'a eu
69%
03 Mamacita
69%
07 HLM ou Palace
63%
13 Pourquoi
63%
04 Caramelo
56%
12 Dita
56%
14 Lové
56%
15 Carbozo
50%
11 Ce soir
50%
02 Chino
50%
Aucun quiz correspondant
Distribution des résultats
% des personnes avec chaque résultat
Percentile par nombre de réponses
Votre historique - résultats
Vous n’avez pas pris ce quiz